| 000 | 01508nam a22002897a 4500 | ||
|---|---|---|---|
| 005 | 20090409113643.0 | ||
| 008 | 090305t xxu||||| |||| 00| 0 hin d | ||
| 010 | _aHIN-91030 | ||
| 020 |
_a8189364162 _c300.00 |
||
| 035 | _aHN-63376 | ||
| 037 | _bDBAD / PUB | ||
| 040 |
_aDPL _bHN |
||
| 082 | _aक | ||
| 100 | _924400 | ||
| 245 |
_aउपनिषदों की कहानियाँ / _cगंगाप्रसादशर्मा द्वारा संकलित एवं संपादित |
||
| 246 |
_aUpnishadon ki Kahaniyan _bEd by Ganga Prasad Sharma |
||
| 260 |
_aदिल्ली _bचेतना प्रकाशन _c2010 |
||
| 270 |
_a1376, आत्माराम बिल्डिंग, कश्मीरी गेट _bदिल्ली _cदिल्ली _e110006 |
||
| 300 |
_a215पृ _c22सेमी (सजिल्द) _bसचित्र |
||
| 650 |
_aलघु कथाएँ, हिन्दी _924401 |
||
| 650 |
_aHindi Fiction _924405 |
||
| 650 | _9788 | ||
| 700 |
_924404 _aशर्मा, गंगाप्रसाद |
||
| 942 |
_adpl _cHN _2ddc _hक _mउपनि |
||
| 999 |
_c48677 _d48677 |
||